Top 10 Most Rectangular Countries - Statistics

General Stats
  • This quiz has been taken 12 times
  • The average score is 5 of 10
Answer Stats
Hint Answer % Correct
7 Ivory Coast
70%
4 Yemen
70%
1 Egypt
60%
5 Ghana
60%
6 North Macedonia
50%
8 Poland
50%
10 Sudan
50%
2 Vatican City
50%
3 Lesotho
20%
9 Nauru
10%
No matching quizzes found
Score Distribution
Percent of People with Each Score
Percentile by Number Answered
Your Score History
You have not taken this quiz